[Event "Robinson"]
[Site "?"]
[Date "2019.07.22"]
[Round "1.15"]
[White "Collins, Adam"]
[Black "Yoon, Jacob D"]
[Result "0-1"]
[WhiteElo "1579"]
[BlackElo "1963"]
[PlyCount "48"]
[EventDate "2019.??.??"]

1. e4 c5 2. Nf3 e6 3. d4 cxd4 4. Nxd4 a6 5. Nc3 Qc7 6. Be3 Nf6 7. a3 Be7 8. f3
O-O 9. Qd2 Rd8 10. Be2 d5 11. exd5 Nxd5 12. Nxd5 Rxd5 13. c4 Rd8 14. Qc2 Bc5
15. Qe4 f5 16. Qh4 Be7 17. Qh3 f4 18. Bf2 Qa5+ 19. Kf1 Bf6 20. Rd1 e5 21. Nf5
Rxd1+ 22. Bxd1 Qd8 23. Bb3 Qd3+ 24. Kg1 Qb1+ 0-1

[Event "Robinson"]
[Site "?"]
[Date "2019.07.22"]
[Round "1.16"]
[White "See, Tristian"]
[Black "Avetisyan, Gagik"]
[Result "1-0"]
[WhiteElo "1957"]
[BlackElo "1535"]
[PlyCount "57"]
[EventDate "2019.??.??"]

1. e4 e6 2. Nf3 d5 3. Nc3 Nf6 4. e5 Nfd7 5. d4 a6 6. Bf4 c5 7. dxc5 Bxc5 8. Bd3
Nc6 9. O-O b5 10. a3 b4 11. Nb1 Be7 12. axb4 Nxb4 13. Nd4 Bb7 14. Qg4 Kf8 15.
Bg3 Nxd3 16. cxd3 Qb6 17. Nf3 Nc5 18. Qd4 Qb5 19. Bh4 Bxh4 20. Qxh4 Qxb2 21.
Nbd2 Qb6 22. Rab1 Qa7 23. Rfc1 Ke8 24. Nb3 Rc8 25. Qd4 Ke7 26. Nxc5 Ba8 27.
Qh4+ f6 28. d4 Bc6 29. Qg4 1-0

[Event "Robinson"]
[Site "?"]
[Date "2019.07.22"]
[Round "1.18"]
[White "Tombolis, Christopher"]
[Black "Mcintyre, Jack"]
[Result "1-0"]
[WhiteElo "1883"]
[BlackElo "1204"]
[PlyCount "85"]
[EventDate "2019.??.??"]

1. d4 Nf6 2. c4 g6 3. Nc3 Bg7 4. e4 d6 5. Nf3 O-O 6. Be2 e5 7. O-O Nc6 8. d5
Ne7 9. Ne1 Nd7 10. Be3 f5 11. f3 f4 12. Bf2 g5 13. b4 Nf6 14. c5 h5 15. cxd6
cxd6 16. Rc1 Ng6 17. Nb5 Rf7 18. Qc2 Ne8 19. Nxa7 Rc7 20. Nc6 bxc6 21. dxc6 Re7
22. b5 Nf8 23. b6 Ne6 24. Bc4 Ba6 25. b7 Bxb7 26. cxb7 Rb8 27. Bxe6+ Rxe6 28.
Qc8 Re7 29. Qxd8 Rxd8 30. Rc8 Rxb7 31. Rxd8 Kf7 32. Ra8 Nc7 33. Ra7 Rxa7 34.
Bxa7 Nb5 35. Bb6 g4 36. a4 Nc3 37. a5 Na4 38. fxg4 hxg4 39. Nd3 Bf6 40. Ra1
Nxb6 41. axb6 Bd8 42. b7 Bc7 43. Ra8 1-0

[Event "Robinson"]
[Site "?"]
[Date "2019.07.22"]
[Round "2.1"]
[White "Hartman, James"]
[Black "Balaji, Aaravamudhan"]
[Result "1/2-1/2"]
[WhiteElo "1441"]
[BlackElo "2034"]
[PlyCount "113"]
[EventDate "2019.??.??"]

1. d4 Nf6 2. Nf3 g6 3. Nc3 Bg7 4. e4 d6 5. Be3 O-O 6. Qd2 Ng4 7. Bf4 c6 8. h3
Nf6 9. Bh6 b5 10. a3 Bb7 11. h4 e5 12. Bxg7 Kxg7 13. dxe5 dxe5 14. Qxd8 Rxd8
15. Nxe5 Re8 16. f4 Nh5 17. Nd3 Nd7 18. Rh3 c5 19. g4 Bxe4 20. O-O-O Nhf6 21.
g5 Ng4 22. Nxe4 Rxe4 23. Bg2 Rae8 24. Bxe4 Rxe4 25. Re1 Rd4 26. Rg3 h5 27.
gxh6+ Nxh6 28. h5 Nf5 29. Rg5 Kf6 30. hxg6 fxg6 31. Reg1 Nf8 32. Re1 c4 33. Nb4
Rxf4 34. Rg2 Rd4 35. Rd2 Rh4 36. Nd5+ Kg7 37. Ne7 Nd4 38. Rg2 Nf3 39. Nf5+ Kf6
40. Nxh4 Nxe1 41. Rf2+ Kg5 42. Nxg6 Nxg6 43. Kd1 Nxc2 44. Kxc2 Nf4 45. Rf3 Kf5
46. Rf1 Ke5 47. Re1+ Kd6 48. Rf1 Nd5 49. Rf7 a5 50. Ra7 a4 51. Ra6+ Kc5 52. Rh6
Kd4 53. Rh4+ Kc5 54. Rh5 Kd4 55. Rh4+ Kc5 56. Rh5 Kd4 57. Rh4+ 1/2-1/2

[Event "Robinson"]
[Site "?"]
[Date "2019.07.22"]
[Round "2.2"]
[White "Akeya-Price, Robert"]
[Black "Connolly Sams, Dietah"]
[Result "1-0"]
[WhiteElo "1974"]
[BlackElo "1511"]
[PlyCount "205"]
[EventDate "2019.??.??"]

1. d4 d5 2. c4 e6 3. Nf3 Nf6 4. g3 Be7 5. Bg2 O-O 6. O-O Nbd7 7. Qc2 c5 8. cxd5
Nxd5 9. Nc3 cxd4 10. Nxd5 exd5 11. Nxd4 Nf6 12. Rd1 Bg4 13. Bg5 Re8 14. h3 Bh5
15. g4 Bg6 16. Qb3 Rb8 17. Bxf6 Bxf6 18. Bxd5 Bxd4 19. Rxd4 Qf6 20. e3 b6 21.
Rc1 Rbc8 22. Rdc4 Rcd8 23. Rd4 h6 24. Rc7 Rc8 25. Rxa7 Rc1+ 26. Kg2 Rec8 27.
Rf4 Qe5 28. Bxf7+ Bxf7 29. Raxf7 Kh7 30. Qd3+ Kg8 31. Qf5 Qxb2 32. Rf8+ Rxf8
33. Qd5+ Kh7 34. Rxf8 Qb1 35. Qf5+ Qxf5 36. Rxf5 Ra1 37. Rb5 Rxa2 38. Rxb6 Rc2
39. Kg3 Rc1 40. f4 Rg1+ 41. Kf2 Rh1 42. Kg2 Re1 43. Re6 Kg8 44. f5 Kf7 45. Kg3
Rg1+ 46. Kh4 Rh1 47. e4 g5+ 48. Kg3 Kg7 49. e5 Rg1+ 50. Kf2 Rh1 51. Kg2 Re1 52.
f6+ Kf7 53. Re7+ Kf8 54. Kf2 Re4 55. Kf3 Re1 56. Kg2 Re2+ 57. Kf3 Re1 58. Kg3
Re3+ 59. Kf2 Re4 60. Rh7 Rxe5 61. Rxh6 Kf7 62. Kf3 Ra5 63. Rh7+ Kxf6 64. Rd7
Ra3+ 65. Ke4 Rxh3 66. Rd6+ Kg7 67. Kf5 Ra3 68. Kxg5 Ra5+ 69. Kh4 Ra4 70. Rd5
Kg6 71. Rg5+ Kh6 72. Rd5 Kg6 73. Rd6+ Kg7 74. Kh5 Ra5+ 75. g5 Ra1 76. Rd7+ Kf8
77. Kh6 Rh1+ 78. Kg6 Rh2 79. Rf7+ Kg8 80. Rb7 Kf8 81. Rb8+ Ke7 82. Kg7 Rg2 83.
g6 Ke6 84. Rb6+ Ke7 85. Kg8 Ke8 86. g7 Ke7 87. Rb4 Ke8 88. Re4+ Kd7 89. Rh4 Ke7
90. Kh8 Kf7 91. Rf4+ Ke7 92. g8=Q Rh2+ 93. Qh7+ Rxh7+ 94. Kxh7 Kd8 95. Rf7 Kc8
96. Kg6 Kd8 97. Kf6 Ke8 98. Rh7 Kd8 99. Ke6 Kc8 100. Kd6 Kb8 101. Kc6 Ka8 102.
Kb6 Kb8 103. Rh8# 1-0

[Event "Robinson"]
[Site "?"]
[Date "2019.07.22"]
[Round "2.3"]
[White "Maheshwari, Ritvik"]
[Black "Yoon, Jacob D"]
[Result "0-1"]
[WhiteElo "1444"]
[BlackElo "1963"]
[PlyCount "74"]
[EventDate "2019.??.??"]

1. d4 d5 2. Bf4 Nf6 3. e3 c5 4. Nc3 a6 5. dxc5 Nc6 6. Nf3 e6 7. Na4 Ne4 8. Nb6
Ra7 9. Nxc8 Qxc8 10. c3 Bxc5 11. Bd3 O-O 12. O-O Ra8 13. Qc2 f5 14. Bxe4 dxe4
15. Ne5 g5 16. Nxc6 gxf4 17. Nd4 Rf6 18. Qd2 f3 19. gxf3 exf3 20. Nxf3 Qc6 21.
Qe2 Kh8 22. Kh1 Rh6 23. Rg1 Bd6 24. Rg2 Rh3 25. e4 Bf4 26. Ng5 Bxg5 27. Rxg5
fxe4 28. Kg1 Rf8 29. Rg3 Rh6 30. Qe3 Rh5 31. Qe2 Rhf5 32. Qg4 R5f7 33. Rg2 e5
34. Re1 Qc5 35. Re3 Rd8 36. Qxe4 Qxe3 37. Qc2 Qe1# 0-1

[Event "Robinson"]
[Site "?"]
[Date "2019.07.22"]
[Round "2.4"]
[White "See, Tristian"]
[Black "Arcot, Pranav"]
[Result "1-0"]
[WhiteElo "1957"]
[BlackElo "1589"]
[PlyCount "41"]
[EventDate "2019.??.??"]

1. e4 e6 2. Nf3 d5 3. Nc3 Nf6 4. e5 Nfd7 5. d4 c5 6. dxc5 Bxc5 7. Bd3 Nc6 8.
Bf4 Qb6 9. O-O Qxb2 10. Nb5 O-O 11. Bxh7+ Kh8 12. Ng5 g6 13. Rb1 Qxa2 14. Qg4
Ne7 15. Bxg6 Kg7 16. Bd3 Ng6 17. Nxe6+ Kg8 18. Bxg6 Bxf2+ 19. Kh1 Nxe5 20. Bh7+
Kxh7 21. Qg7# 1-0

[Event "Robinson"]
[Site "?"]
[Date "2019.07.22"]
[Round "2.5"]
[White "Sandham, Alasdair"]
[Black "Bowcott-Terry, Finlay"]
[Result "0-1"]
[WhiteElo "1378"]
[BlackElo "1888"]
[PlyCount "58"]
[EventDate "2019.??.??"]

1. d4 f5 2. Bg5 h6 3. Bh4 g5 4. e3 Nf6 5. Bg3 d6 6. h4 g4 7. h5 Bg7 8. Nc3 Be6
9. Bd3 O-O 10. Nge2 Qd7 11. e4 fxe4 12. Nxe4 Nxe4 13. Bxe4 c6 14. Nf4 Bf5 15.
Bxf5 Qxf5 16. Ng6 Rf7 17. Qe2 Na6 18. Nxe7+ Rxe7 19. Qxe7 Nb4 20. O-O Nxc2 21.
Qxb7 Rf8 22. Rac1 Nxd4 23. Rfe1 Be5 24. Bxe5 Qxf2+ 25. Kh1 Qh4+ 26. Kg1 dxe5
27. Re4 Ne2+ 28. Rxe2 g3 29. Qb3+ Kh8 0-1

[Event "Robinson"]
[Site "?"]
[Date "2019.07.22"]
[Round "2.7"]
[White "Brandsma, Romayn"]
[Black "Kirby, Con"]
[Result "1-0"]
[WhiteElo "1957"]
[BlackElo "1597"]
[PlyCount "71"]
[EventDate "2019.??.??"]

1. e4 c5 2. c3 e6 3. d4 d5 4. Nd2 Nc6 5. Ngf3 Nf6 6. e5 Nd7 7. Bd3 Qb6 8. dxc5
Bxc5 9. Qe2 Qc7 10. Nb3 Be7 11. Bf4 a6 12. O-O b5 13. Rfe1 Bb7 14. a3 Nb6 15.
Nfd4 Nc4 16. Nxc6 Bxc6 17. Nd4 Bc5 18. Qg4 O-O-O 19. b3 Nb6 20. Qe2 Bd7 21. a4
b4 22. Bxa6+ Kb8 23. Nb5 Bxb5 24. Qxb5 bxc3 25. a5 Qd7 26. Qxc5 Nc8 27. Qxc3
Ka7 28. Qd3 d4 29. b4 g5 30. Bd2 g4 31. b5 Qd5 32. b6+ Kb8 33. Bc4 Qd7 34. Reb1
g3 35. hxg3 h5 36. a6 1-0

[Event "Robinson"]
[Site "?"]
[Date "2019.07.22"]
[Round "2.8"]
[White "Murray, Benjamin"]
[Black "Achuthan, Dylan"]
[Result "0-1"]
[WhiteElo "1661"]
[BlackElo "1909"]
[PlyCount "92"]
[EventDate "2019.??.??"]

1. e4 c5 2. Nf3 Nc6 3. d4 cxd4 4. Nxd4 e5 5. Nb5 d6 6. c4 Be7 7. N1c3 a6 8. Na3
f5 9. Bd3 f4 10. Nc2 Nf6 11. O-O O-O 12. b3 g5 13. Ba3 g4 14. Kh1 Rf7 15. Be2
Bf8 16. c5 Rg7 17. cxd6 Ne8 18. Qd5+ Kh8 19. Rad1 Qf6 20. Bc4 Bd7 21. Na4 Qh6
22. Nb6 Nf6 23. Qd2 Nxe4 24. Qe1 g3 25. fxg3 fxg3 26. h3 Bxh3 27. Kg1 Bg4 28.
Rf3 Qh2+ 29. Kf1 Qh1+ 30. Ke2 Qxg2+ 31. Kd3 Qxf3+ 32. Ne3 Nf2+ 33. Kc2 Nd4+ 34.
Rxd4 exd4 35. Nxg4 Nxg4 36. Bb2 Ne3+ 37. Kd2 Nxc4+ 38. bxc4 Qf2+ 39. Qxf2 gxf2
40. Ke2 Re8+ 41. Kxf2 Bxd6 42. Bxd4 Be5 43. Be3 Rf7+ 44. Ke2 Bd4 45. Nd5 Bxe3
46. Nxe3 Rfe7 0-1

[Event "Robinson"]
[Site "?"]
[Date "2019.07.22"]
[Round "2.9"]
[White "Kutchoukov, Daniel"]
[Black "Collins, Adam"]
[Result "1-0"]
[WhiteElo "1845"]
[BlackElo "1579"]
[PlyCount "133"]
[EventDate "2019.??.??"]

1. e4 c5 2. Nf3 d6 3. Bb5+ Nc6 4. Bxc6+ bxc6 5. O-O g6 6. Re1 Bg7 7. d3 e6 8.
e5 d5 9. c4 Ne7 10. Nc3 O-O 11. Na4 Nf5 12. b3 f6 13. Bb2 fxe5 14. Nxe5 Qg5 15.
Nf3 Qe7 16. Bxg7 Kxg7 17. Rc1 d4 18. Qe2 Nh4 19. Qe5+ Kg8 20. Nxh4 Qxh4 21. Re2
Rf5 22. Qd6 Rh5 23. Rce1 e5 24. h3 Bxh3 25. Rxe5 Rxe5 26. Rxe5 Rf8 27. g3 Qg4
28. Qxc6 Qd1+ 29. Kh2 Qf1 30. Qd5+ Kh8 31. f4 Bf5 32. Qg2 Qxd3 33. Nxc5 Qd1 34.
Qe2 Qxe2+ 35. Rxe2 d3 36. Rd2 Rc8 37. g4 Rxc5 38. gxf5 Rxf5 39. Kg3 Ra5 40. a4
Rc5 41. Rxd3 a5 42. Rd7 Rc6 43. Rd5 Rb6 44. Rb5 Rd6 45. c5 Rd3+ 46. Kg2 Rc3 47.
c6 Rxc6 48. Rxa5 Rc2+ 49. Kg1 Rc1+ 50. Kf2 Rc2+ 51. Ke1 Rc1+ 52. Kd2 Rf1 53.
Ke3 Re1+ 54. Kf2 Rb1 55. Rb5 Rc1 56. a5 Ra1 57. b4 Ra4 58. Rb6 h5 59. a6 h4 60.
b5 Ra2+ 61. Kg1 Ra1+ 62. Kh2 Ra2+ 63. Kh3 Ra3+ 64. Kxh4 g5+ 65. Kxg5 Rg3+ 66.
Kf5 Rg8 67. Rh6+ 1-0

[Event "Robinson"]
[Site "?"]
[Date "2019.07.22"]
[Round "2.10"]
[White "Avetisyan, Gagik"]
[Black "Yeh, Timo"]
[Result "1/2-1/2"]
[WhiteElo "1535"]
[BlackElo "1882"]
[PlyCount "62"]
[EventDate "2019.??.??"]

1. d4 d5 2. c4 e6 3. Nf3 Nf6 4. g3 dxc4 5. Bg2 Bd7 6. Ne5 Bc6 7. Nxc6 Nxc6 8.
e3 Be7 9. Nd2 O-O 10. Nxc4 Nd5 11. O-O b5 12. Nd2 Rb8 13. Nb3 Ncb4 14. a3 Na6
15. Na5 Qe8 16. b4 Rb6 17. Bb2 c6 18. Rc1 Qd7 19. Qc2 Rc8 20. Rfd1 Rc7 21. Qd2
Naxb4 22. e4 Na2 23. Ra1 Ndb4 24. axb4 Bxb4 25. Qc2 Bxa5 26. Rxa2 Bb4 27. Rc1
a5 28. Bc3 Bxc3 29. Qxc3 b4 30. Qc5 Rb5 31. Qc4 b3 1/2-1/2

[Event "Robinson"]
[Site "?"]
[Date "2019.07.22"]
[Round "2.12"]
[White "Mcintyre, Jack"]
[Black "Catalan, Ciro"]
[Result "0-1"]
[WhiteElo "1204"]
[BlackElo "1519"]
[PlyCount "88"]
[EventDate "2019.??.??"]

1. e4 c5 2. d4 cxd4 3. c3 Nf6 4. e5 Nd5 5. cxd4 d6 6. Bc4 Nb6 7. Bb3 dxe5 8.
dxe5 Qxd1+ 9. Bxd1 Nc6 10. f4 Bf5 11. Nc3 e6 12. Nge2 Bc5 13. Ng3 Bd3 14. Be2
Bxe2 15. Ngxe2 Nb4 16. Rb1 Nd3+ 17. Kd2 Rd8 18. Kc2 Nc4 19. Ne4 Nxc1 20. Rbxc1
Be3 21. Rcd1 Ke7 22. b3 Na3+ 23. Kb2 Nb5 24. g3 a6 25. a4 Nc7 26. Nd6 b6 27.
Nc3 Bc5 28. Nce4 Nd5 29. Nxc5 bxc5 30. Rc1 Nb4 31. Rhd1 Rd7 32. Rxc5 Rb8 33.
Rd4 f6 34. Ka3 a5 35. Kb2 Ra8 36. Rc1 Rb8 37. Rcd1 Nd5 38. R4d3 Rdd8 39. f5
fxe5 40. fxe6 Rxd6 41. Rxd5 Rdb6 42. Rb5 Rxb5 43. axb5 Kxe6 44. Rd8 Rxd8 0-1

[Event "Robinson"]
[Site "?"]
[Date "2019.07.22"]
[Round "2.13"]
[White "Bottazzi, Ulysse"]
[Black "Sivarajasingam, Venetia"]
[Result "1/2-1/2"]
[WhiteElo "2041"]
[BlackElo "1745"]
[PlyCount "67"]
[EventDate "2019.??.??"]

1. e4 e6 2. d4 d5 3. Nc3 dxe4 4. Nxe4 Nd7 5. Bd3 Ngf6 6. Ne2 Nxe4 7. Bxe4 Nf6
8. Bf3 c5 9. O-O Qb6 10. Be3 Be7 11. dxc5 Bxc5 12. Bxc5 Qxc5 13. Qd4 Qxd4 14.
Nxd4 O-O 15. Rfe1 Bd7 16. b3 Rab8 17. c4 Rfd8 18. Rad1 b6 19. a4 Rbc8 20. Kf1
h6 21. Rd2 Re8 22. Nb5 Bxb5 23. axb5 Red8 24. Red1 Rxd2 25. Rxd2 Kf8 26. Ke2
Ke7 27. Bc6 Rc7 28. h3 Ne8 29. Bxe8 Kxe8 30. f4 Ke7 31. Ke3 f5 32. g4 fxg4 33.
hxg4 Kf6 34. Rd6 1/2-1/2

[Event "Robinson"]
[Site "?"]
[Date "2019.07.22"]
[Round "2.14"]
[White "Smith, Madeleine"]
[Black "Verhille, Elie"]
[Result "1/2-1/2"]
[WhiteElo "1104"]
[BlackElo "1998"]
[PlyCount "84"]
[EventDate "2019.??.??"]

1. e4 e6 2. d4 d5 3. exd5 exd5 4. c4 Nf6 5. Nc3 Bb4 6. Nf3 O-O 7. Bg5 Re8+ 8.
Be2 dxc4 9. O-O Be6 10. Re1 c6 11. a3 Be7 12. Qc2 Nbd7 13. Rad1 Nb6 14. Bh4 h6
15. Ne5 Qc7 16. Bg3 Bd6 17. Na4 Nxa4 18. Qxa4 Nd7 19. Nxd7 Bxd7 20. Bxd6 Qxd6
21. Qxc4 Be6 22. Qc3 Bd5 23. Bc4 Rxe1+ 24. Rxe1 Bxc4 25. Qxc4 Rd8 26. Rd1 Qd5
27. Qxd5 Rxd5 28. Kf1 c5 29. Ke2 cxd4 30. Kd3 f5 31. Kc4 Re5 32. Rd2 Re4 33. f3
Re7 34. Kxd4 Kf7 35. Kc5 g6 36. g3 h5 37. f4 Ke8 38. a4 Rc7+ 39. Kb4 Ke7 40. a5
Rc6 41. b3 Rc1 42. Ka4 Ra1+ 1/2-1/2

[Event "Robinson"]
[Site "?"]
[Date "2019.07.22"]
[Round "2.16"]
[White "Stevenson, Neil"]
[Black "Kien, Clovis"]
[Result "0-1"]
[WhiteElo "1098"]
[BlackElo "1675"]
[PlyCount "50"]
[EventDate "2019.??.??"]

1. e4 c5 2. c3 Nc6 3. d4 cxd4 4. cxd4 d5 5. exd5 Qxd5 6. Nf3 Bg4 7. Be2 e6 8.
O-O Rd8 9. Nc3 Qa5 10. Be3 Nf6 11. Qb3 Qc7 12. Nb5 Qb8 13. Rac1 Be7 14. Rfd1
Nd5 15. Nc3 O-O 16. Qc2 Nf4 17. Bxf4 Qxf4 18. d5 exd5 19. Nxd5 Rxd5 20. Rxd5
Nb4 21. Qc4 Nxd5 22. Qxf4 Nxf4 23. Rc2 h6 24. h3 Bf5 25. Rd2 Bb4 0-1

[Event "Robinson"]
[Site "?"]
[Date "2019.07.23"]
[Round "3.1"]
[White "Sivarajasingam, Venetia"]
[Black "Hartman, James"]
[Result "1-0"]
[WhiteElo "1745"]
[BlackElo "1441"]
[PlyCount "63"]
[EventDate "2019.??.??"]

1. e4 e6 2. d4 d5 3. e5 c5 4. c3 Nc6 5. Nf3 Bd7 6. Be2 Nge7 7. O-O Nf5 8. Be3
Nxe3 9. fxe3 Qb6 10. Qd2 Na5 11. Na3 cxd4 12. exd4 Bxa3 13. bxa3 Qc7 14. Ng5
Rf8 15. Bh5 g6 16. Nxh7 Rh8 17. Rxf7 O-O-O 18. Bg4 Qb6 19. Qc2 Nc4 20. Rb1 Qa6
21. Qe2 Nxa3 22. Qxa6 bxa6 23. Rb3 Nc4 24. Nf6 Rhf8 25. Rxd7 Rxd7 26. Bxe6 Nb6
27. Nxd7 Nxd7 28. Bxd5 Nb6 29. Be6+ Kc7 30. Rb1 Na4 31. d5 Nxc3 32. Rc1 1-0

[Event "Robinson"]
[Site "?"]
[Date "2019.07.23"]
[Round "3.2"]
[White "Connolly Sams, Dietah"]
[Black "Smith, Madeleine"]
[Result "0-1"]
[WhiteElo "1511"]
[BlackElo "1104"]
[PlyCount "112"]
[EventDate "2019.??.??"]

1. d4 d5 2. c4 e6 3. Nc3 c5 4. cxd5 cxd4 5. Qxd4 Nc6 6. Qd1 exd5 7. Qxd5 Bd7 8.
Nf3 Nf6 9. Qd1 Bc5 10. Bg5 Qb6 11. e3 Qxb2 12. Bxf6 gxf6 13. Rc1 Bb4 14. Qd2
Qxd2+ 15. Nxd2 Be6 16. a4 a6 17. Nce4 Ke7 18. Nc5 Rhd8 19. Nce4 f5 20. Nc3 Rac8
21. Be2 Ne5 22. Ndb1 Nd3+ 23. Bxd3 Rxd3 24. Ke2 Bc4 25. Ke1 b5 26. axb5 Bxb5
27. f3 Bxc3+ 28. Nxc3 Rcxc3 29. Rxc3 Rxc3 30. Kf2 Rc2+ 31. Kg3 Re2 32. Kf4 Rxg2
33. Kxf5 Rf2 34. Kg4 Rf1 35. Rxf1 Bxf1 36. Kf4 Bd3 37. Ke5 a5 38. Kd4 Bb5 39.
Kc5 a4 40. Kb4 Ke6 41. h4 Bc6 42. h5 Kf6 43. h6 Kg6 44. e4 Kxh6 45. e5 Kg5 46.
f4+ Kxf4 47. e6 fxe6 48. Ka3 e5 49. Ka2 e4 50. Ka1 e3 51. Ka2 e2 52. Ka3 e1=Q
53. Ka2 Qc3 54. Kb1 Be4+ 55. Ka2 Qb3+ 56. Ka1 Qb1# 0-1

[Event "Robinson"]
[Site "?"]
[Date "2019.07.23"]
[Round "3.3"]
[White "Smith, Ellison"]
[Black "Maheshwari, Ritvik"]
[Result "0-1"]
[WhiteElo "1272"]
[BlackElo "1444"]
[PlyCount "108"]
[EventDate "2019.??.??"]

1. e4 e6 2. d4 d5 3. exd5 exd5 4. Nf3 Nf6 5. c3 Bd6 6. Bg5 O-O 7. Be2 h6 8. Bh4
Bf5 9. O-O Nbd7 10. Bd3 Bxd3 11. Qxd3 c6 12. Nbd2 Qc7 13. h3 g5 14. Bg3 Bxg3
15. fxg3 Qxg3 16. Ne5 Qxd3 17. Nxd3 Kg7 18. Nf3 Rad8 19. Rae1 Ne4 20. Nde5 f6
21. Nxd7 Rxd7 22. Nh2 h5 23. g4 hxg4 24. Nxg4 f5 25. Ne5 Re7 26. Kg2 f4 27. Rf3
Kf6 28. Ng4+ Kg6 29. Ne5+ Kh5 30. Rh1 Rg7 31. Ng4 Kh4 32. Re1 Re8 33. Nf2 Rge7
34. Ng4 Nd2 35. Rxe7 Rxe7 36. Rf2 f3+ 37. Kh2 Re2 38. Rxe2 fxe2 39. Ne3 Nf3+
40. Kg2 e1=Q 41. Kxf3 Qg3+ 42. Ke2 Qxe3+ 43. Kxe3 Kxh3 44. c4 dxc4 45. a4 g4
46. a5 g3 47. a6 bxa6 48. d5 cxd5 49. Kd4 g2 50. b4 cxb3 51. Kxd5 g1=Q 52. Kc4
b2 53. Kc3 b1=Q 54. Kd2 Qb3 0-1

[Event "Robinson"]
[Site "?"]
[Date "2019.07.23"]
[Round "3.4"]
[White "Arcot, Pranav"]
[Black "Stevenson, Neil"]
[Result "1-0"]
[WhiteElo "1589"]
[BlackElo "1098"]
[PlyCount "67"]
[EventDate "2019.??.??"]

1. e4 e5 2. Bc4 d6 3. Nf3 f5 4. d3 Nf6 5. Nc3 c6 6. Bb3 Nbd7 7. Ng5 d5 8. Ne6
Qa5 9. Bd2 d4 10. Nd5 Qxd2+ 11. Qxd2 cxd5 12. Nc7+ Kf7 13. Nxa8 Bd6 14. Bxd5+
Nxd5 15. exd5 Nf6 16. Qa5 Bd7 17. Nc7 Rc8 18. Nb5 Be7 19. d6 Bd8 20. Qb4 Nd5
21. Qb3 Ba5+ 22. Kd1 Be6 23. Qa4 Bb6 24. d7 Rd8 25. Nd6+ Kg6 26. Nxb7 Rxd7 27.
Qc6 Kf6 28. Nc5 Bxc5 29. Qxc5 Rc7 30. Qa5 e4 31. dxe4 fxe4 32. Re1 e3 33. fxe3
Nxe3+ 34. Rxe3 1-0

[Event "Robinson"]
[Site "?"]
[Date "2019.07.23"]
[Round "3.7"]
[White "Kirby, Con"]
[Black "Bottazzi, Ulysse"]
[Result "0-1"]
[WhiteElo "1597"]
[BlackElo "2041"]
[PlyCount "110"]
[EventDate "2019.??.??"]

1. e4 c5 2. Nf3 d6 3. d4 cxd4 4. Nxd4 Nf6 5. Nc3 a6 6. Bc4 e6 7. Bb3 Nbd7 8.
Bg5 Nc5 9. Qe2 Be7 10. O-O-O Qc7 11. Kb1 O-O 12. h4 b5 13. f3 Bd7 14. Qd2 b4
15. Nce2 a5 16. Ng3 a4 17. Bc4 Rfc8 18. Bb5 Rab8 19. Bxd7 Ncxd7 20. Rc1 Ne5 21.
b3 Qa5 22. Nge2 Ned7 23. g4 Nc5 24. Be3 Qa6 25. h5 axb3 26. cxb3 Bf8 27. g5
Nfd7 28. g6 Qd3+ 29. Qxd3 Nxd3 30. gxf7+ Kxf7 31. Rxc8 Rxc8 32. Rd1 N3e5 33. f4
Ng4 34. Bg1 Ngf6 35. Ng3 Nc5 36. Rc1 Re8 37. Nc6 Ncxe4 38. Nxe4 Nxe4 39. Nxb4
d5 40. Rc7+ Kf6 41. Bd4+ Kf5 42. Bxg7 Bxb4 43. Be5 Re7 44. Rc2 Bd6 45. a4 Bxe5
46. fxe5 d4 47. Rg2 Kxe5 48. Kc2 Rc7+ 49. Kb2 d3 50. a5 d2 51. Rg1 Nf2 52. a6
Nd3+ 53. Kb1 Rc1+ 54. Rxc1 dxc1=Q+ 55. Ka2 Nb4# 0-1

[Event "Robinson"]
[Site "?"]
[Date "2019.07.23"]
[Round "3.8"]
[White "Verhille, Elie"]
[Black "Murray, Benjamin"]
[Result "0-1"]
[WhiteElo "1998"]
[BlackElo "1661"]
[PlyCount "92"]
[EventDate "2019.??.??"]

1. e4 e6 2. d4 d5 3. Nd2 c5 4. exd5 exd5 5. Ngf3 Nf6 6. Bb5+ Nc6 7. O-O Be7 8.
dxc5 O-O 9. Nb3 Bg4 10. c3 a6 11. Be2 Ne4 12. Be3 Re8 13. Nfd4 Bxe2 14. Nxe2
Ne5 15. Nf4 Nf6 16. Bd4 Qc7 17. Bxe5 Qxe5 18. Qd4 Qf5 19. Rad1 Rad8 20. Rfe1
Bf8 21. h3 Rxe1+ 22. Rxe1 Ne4 23. Nxd5 Re8 24. f3 Ng3 25. Rxe8 Qb1+ 26. Kf2
Nh1+ 27. Ke2 Ng3+ 28. Kd2 Nf1+ 29. Ke2 Ng3+ 30. Ke3 Qe1+ 31. Kf4 Nh5+ 32. Kg4
Qg3+ 33. Kf5 Qg6+ 34. Ke5 f6+ 35. Nxf6+ gxf6+ 36. Kd5 Qxe8 37. Kc4 Nf4 38. Kb4
Qb5+ 39. Ka3 Ne6 40. Qxf6 Bxc5+ 41. Nxc5 Qxc5+ 42. b4 Qb6 43. f4 a5 44. f5
axb4+ 45. cxb4 Qa6+ 46. Kb3 Nc5+ 0-1

[Event "Robinson"]
[Site "?"]
[Date "2019.07.23"]
[Round "3.9"]
[White "Collins, Adam"]
[Black "Hasseine, Madiane"]
[Result "0-1"]
[WhiteElo "1579"]
[BlackElo "1971"]
[PlyCount "67"]
[EventDate "2019.??.??"]

1. e4 c5 2. Nf3 Nc6 3. d4 cxd4 4. Nxd4 e5 5. Nb5 d6 6. c4 Be7 7. N1c3 a6 8. Na3
f5 9. Bd3 f4 10. Nc2 Nf6 11. Nd5 O-O 12. Qe2 Be6 13. Bd2 Rc8 14. O-O-O b5 15.
Kb1 Na7 16. Ba5 Qe8 17. b3 Nxd5 18. cxd5 Bd7 19. f3 Bd8 20. Qd2 Rf6 21. Rc1 Rg6
22. Bxd8 Qxd8 23. Qf2 Rc7 24. Be2 a5 25. Na3 Rb7 26. Nc2 b4 27. Ba6 Rb6 28. Bc4
Bb5 29. Ne1 Qb8 30. Nd3 a4 31. Nb2 Bxc4 32. Nxc4 Ra6 33. Qe2 Nb5 34. Kb2 0-1

[Event "Robinson"]
[Site "?"]
[Date "2019.07.23"]
[Round "3.10"]
[White "Kien, Clovis"]
[Black "Avetisyan, Gagik"]
[Result "1-0"]
[WhiteElo "1675"]
[BlackElo "1535"]
[PlyCount "61"]
[EventDate "2019.??.??"]

1. d4 Nf6 2. c4 g6 3. Nc3 Bg7 4. e4 d6 5. Nf3 O-O 6. Be2 e5 7. O-O Nc6 8. d5
Ne7 9. b4 Nd7 10. c5 f5 11. cxd6 cxd6 12. Ng5 Nf6 13. f3 Qb6+ 14. Kh1 Qxb4 15.
Nb5 Ne8 16. Ba3 Qa5 17. Bxd6 Nxd6 18. Nxd6 fxe4 19. fxe4 Bf6 20. Bg4 Bxg5 21.
Rxf8+ Kxf8 22. Qf3+ Bf4 23. g3 Bxg4 24. Qxg4 Qc3 25. Rf1 Kg7 26. Qd7 Kf8 27.
Qe6 Kg7 28. Qxe7+ Kg8 29. Ne8 Bh6 30. Nf6+ Kh8 31. Qxh7# 1-0

[Event "Robinson"]
[Site "?"]
[Date "2019.07.23"]
[Round "3.12"]
[White "Lesage, Margot"]
[Black "Mcintyre, Jack"]
[Result "0-1"]
[WhiteElo "1520"]
[BlackElo "1204"]
[Annotator "Harding,Tim"]
[PlyCount "88"]
[EventDate "2019.??.??"]

1. e4 e5 2. Nf3 Nc6 3. d4 exd4 4. Nxd4 Nf6 5. Nc3 Bb4 6. Nxc6 bxc6 7. Bd3 Qe7
8. O-O O-O 9. Re1 Re8 10. Bg5 d6 11. a3 Bxc3 12. bxc3 Qe5 13. Bd2 Ng4 14. g3
Qf6 15. Rf1 Ne5 16. Be2 c5 17. f4 Nc6 18. Bf3 Bd7 19. Qe2 Rab8 20. Rab1 Rb6 21.
Rxb6 cxb6 22. Rd1 Qe6 23. Qd3 h6 24. Be3 Bc8 25. Qxd6 Rd8 26. Qxe6 Rxd1+ 27.
Bxd1 Bxe6 28. f5 Bc4 29. Bf4 Kf8 30. Kf2 Ke7 31. Bf3 Kf6 32. Be2 Na5 33. g4
Bxe2 34. Kxe2 Nc4 35. h4 a5 36. g5+ hxg5 37. hxg5+ Ke7 38. e5 Nxa3 39. Bg3 g6
40. fxg6 fxg6 41. Kd3 Ke6 42. Bf4 Kf5 43. Bc1 Nb5 44. c4 Nd4 {Time.} 0-1

[Event "Robinson"]
[Site "?"]
[Date "2019.07.23"]
[Round "3.13"]
[White "Balaji, Aaravamudhan"]
[Black "Brandsma, Romayn"]
[Result "1-0"]
[WhiteElo "2034"]
[BlackElo "1957"]
[PlyCount "101"]
[EventDate "2019.??.??"]

1. d4 Nf6 2. c4 e6 3. Nc3 Bb4 4. e3 c5 5. Bd3 O-O 6. Nge2 d5 7. cxd5 exd5 8. a3
Bxc3+ 9. bxc3 Nc6 10. O-O Re8 11. Ng3 Ne4 12. Qh5 g6 13. Qh6 f5 14. Nxe4 fxe4
15. Bc2 Ne7 16. Qg5 Bf5 17. dxc5 Nc6 18. Qxd8 Raxd8 19. a4 Ne5 20. a5 a6 21.
Rb1 Re7 22. Bb3 Rc7 23. Ba3 Bg4 24. Bd1 Bxd1 25. Rfxd1 Rdd7 26. Rd4 Kf7 27. h3
Ke6 28. Kf1 Rf7 29. Ke2 Rf5 30. Rb6+ Nc6 31. c4 Kf7 32. Rxd5 Nxa5 33. Rd4 Re5
34. Bb4 Nc6 35. Rd5 Rxd5 36. cxd5 Nxb4 37. Rxb4 a5 38. Rb5 a4 39. d6 Rc6 40.
Rxb7+ Kf6 41. Rc7 Ra6 42. d7 Ke7 43. c6 a3 44. Rc8 a2 45. d8=Q+ Ke6 46. Qd7+
Kf6 47. Qd4+ Kg5 48. Qe5+ Kh6 49. Qf4+ Kh5 50. g4+ Kh4 51. g5+ 1-0